[Event "ICS rated bullet match"]
[Site "204.178.125.65"]
[Date "2000.03.22"]
[Round "?"]
[White "theconquerer"]
[Black "Hossa"]
[Result "1-0"]
[WhiteElo "2384"]
[BlackElo "2507"]
[PlyCount "109"]

1. e4 c5 2. Nf3 d6 3. d4 cxd4 4. c3 dxc3 5. Bc4 cxb2 6. Bxb2 Nc6 7. O-O e6 8.
Re1 Bd7 9. Nbd2 Nge7 10. h3 Ng6 11. Nb3 Nce5 12. Nxe5 Nxe5 13. Bxe5 dxe5 14.
Qf3 b5 15. Be2 Rc8 16. Red1 a6 17. Rd2 Bb4 18. Rd3 O-O 19. Rad1 Rc7 20. Nd2 f5
21. exf5 Rxf5 22. Qe4 Bc5 23. Nf3 Qc8 24. Nxe5 Rxf2 25. Kh1 Rxe2 26. Qxe2 Qe8
27. Rxd7 Rxd7 28. Rxd7 h5 29. Qf3 Bb4 30. Qf7+ Qxf7 31. Nxf7 Ba5 32. Ng5 e5 33.
Ra7 g6 34. Rxa6 Bd2 35. Rxg6+ Kf8 36. Re6 Bxg5 37. Rxe5 Bf6 38. Rxb5 h4 39. a4
Be7 40. a5 Bf6 41. a6 Bd4 42. Rd5 Be3 43. Rd7 Bc5 44. a7 Bxa7 45. Rxa7 Kg8 46.
g4 Kf8 47. Kg2 Ke8 48. Kf3 Kd8 49. Kf4 Kc8 50. Kf5 Kd8 51. g5 Kc8 52. g6 Kb8
53. Rf7 Kc8 54. g7 Kd8 55. g8=Q# 1-0

[Event "ICS rated bullet match"]
[Site "204.178.125.65"]
[Date "2000.03.22"]
[Round "?"]
[White "Hossa"]
[Black "theconquerer"]
[Result "1-0"]
[WhiteElo "2486"]
[BlackElo "2405"]
[PlyCount "29"]

1. c4 Nf6 2. Nc3 g6 3. Nf3 d6 4. d4 Bg7 5. e4 O-O 6. Bg5 c5 7. dxc5 dxc5 8.
Qxd8 Rxd8 9. e5 Nfd7 10. Nd5 Na6 11. Nxe7+ Kf8 12. O-O-O Ke8 13. Nd5 Nf8 14.
Nc7+ Nxc7 15. Rxd8# 1-0

[Event "ICS rated bullet match"]
[Site "204.178.125.65"]
[Date "2000.03.22"]
[Round "?"]
[White "theconquerer"]
[Black "Hossa"]
[Result "0-1"]
[WhiteElo "2393"]
[BlackElo "2498"]
[PlyCount "104"]

1. d4 Nf6 2. e3 g6 3. c3 Bg7 4. Nf3 O-O 5. Be2 d5 6. O-O Nc6 7. Qb3 Rb8 8. Nbd2
Bf5 9. c4 dxc4 10. Nxc4 Ne4 11. Ncd2 Nxd2 12. Bxd2 e5 13. dxe5 Bxe5 14. Nxe5
Qxd2 15. Nxc6 bxc6 16. Qd1 Rxb2 17. Qxd2 Rxd2 18. Bf3 c5 19. Rac1 Bc2 20. h3 c4
21. Bd5 c3 22. Bb3 Bd3 23. Rxc3 Bxf1 24. Kxf1 Rc8 25. Ke1 Rb2 26. Rc6 Kg7 27.
Rc5 h5 28. Rc6 h4 29. Rc5 c6 30. Rc4 g5 31. Rc3 c5 32. Rc2 Rxc2 33. Bxc2 c4 34.
Ke2 Kf6 35. f3 Ke6 36. e4 Ke5 37. Ke3 Rd8 38. a4 a5 39. Bb1 c3 40. Bc2 Rd2 41.
Bb3 f6 42. Bc2 Rxc2 43. Kd3 Rxg2 44. Kxc3 Rg3 45. Kc4 Rxh3 46. Kb5 Rxf3 47.
Kxa5 h3 48. Kb6 h2 49. a5 h1=Q 50. a6 Rb3+ 51. Ka7 Qf1 52. Ka8 Qxa6# 0-1

[Event "ICS rated bullet match"]
[Site "204.178.125.65"]
[Date "2000.03.22"]
[Round "?"]
[White "Hossa"]
[Black "theconquerer"]
[Result "1-0"]
[WhiteElo "2509"]
[BlackElo "2382"]
[PlyCount "43"]

1. d4 d5 2. c4 Nf6 3. Nc3 g6 4. cxd5 Nxd5 5. e4 Nxc3 6. bxc3 Bg7 7. Nf3 c5 8.
Bb5+ Kf8 9. O-O Bd7 10. dxc5 f6 11. Bc4 Nc6 12. Rb1 Bg4 13. Rxb7 Bxf3 14. gxf3
Ne5 15. Bd5 Rc8 16. f4 Nd7 17. Rxa7 Nxc5 18. Ba3 Ke8 19. Bxc5 Rxc5 20. Be6 Qb8
21. Qd7+ Kf8 22. Qxe7# 1-0

[Event "ICS rated bullet match"]
[Site "204.178.125.65"]
[Date "2000.03.22"]
[Round "?"]
[White "theconquerer"]
[Black "Hossa"]
[Result "0-1"]
[WhiteElo "2372"]
[BlackElo "2519"]
[PlyCount "54"]

1. d4 d5 2. c3 e6 3. e3 Nf6 4. Nf3 c5 5. dxc5 Bxc5 6. Bd3 Nc6 7. O-O O-O 8.
Nbd2 e5 9. Nb3 Bb6 10. Bc2 Bg4 11. h3 Bh5 12. g4 Bg6 13. Nh4 Bxc2 14. Qxc2 Nxg4
15. hxg4 Qxh4 16. Qe2 f5 17. Kg2 fxg4 18. Bd2 Rf3 19. Rh1 Qf6 20. Raf1 Rf8 21.
Nc1 Qf5 22. Nd3 Qe4 23. Kg1 g3 24. Ne1 gxf2+ 25. Rxf2 Rxf2 26. Qxf2 Rxf2 27.
Kxf2 Qxh1 0-1

[Event "ICS rated bullet match"]
[Site "204.178.125.65"]
[Date "2000.03.22"]
[Round "?"]
[White "Hossa"]
[Black "theconquerer"]
[Result "1-0"]
[WhiteElo "2529"]
[BlackElo "2362"]
[PlyCount "83"]

1. e4 e6 2. d4 d5 3. Nc3 Bb4 4. e5 Qd7 5. Bd2 b6 6. Bd3 Bxc3 7. bxc3 Ba6 8. Ne2
Bxd3 9. cxd3 Nc6 10. O-O Nge7 11. Bg5 Ng6 12. Qd2 Nce7 13. Rab1 c5 14. dxc5
bxc5 15. Bxe7 Nxe7 16. d4 c4 17. Nf4 O-O 18. Rfe1 Ng6 19. Rb2 Nxf4 20. Qxf4
Rab8 21. Rbe2 Qa4 22. Qg5 Qa3 23. Qd2 Rb6 24. g4 Rfb8 25. Ra1 Rb2 26. Qc1 R2b3
27. axb3 Qxc1+ 28. Rxc1 Rxb3 29. Ra2 g6 30. Rxa7 Kg7 31. Ra8 h5 32. g5 Rb2 33.
h4 Rb3 34. Kg2 Rb2 35. Rh1 Rb3 36. Rh3 Rb1 37. Re3 Rb3 38. Rf3 Rb1 39. Ra7 Rb3
40. Raxf7+ Kg8 41. Rf8+ Kh7 42. R3f7# 1-0

[Event "ICS rated bullet match"]
[Site "204.178.125.65"]
[Date "2000.03.22"]
[Round "?"]
[White "theconquerer"]
[Black "Hossa"]
[Result "0-1"]
[WhiteElo "2353"]
[BlackElo "2538"]
[PlyCount "76"]

1. d4 d5 2. Nf3 Nf6 3. Bg5 e6 4. e3 Be7 5. c4 Nbd7 6. cxd5 Bb4+ 7. Nc3 exd5 8.
Bd3 c6 9. O-O O-O 10. a3 Be7 11. b4 b6 12. Rc1 a5 13. bxa5 Bxa3 14. Rb1 Rxa5
15. Qc2 h6 16. Bh4 Ba6 17. Bg3 Bxd3 18. Qxd3 Qe7 19. Ne2 Rc8 20. Ra1 Rca8 21.
h3 Ne4 22. Bh2 Bb4 23. Rxa5 Rxa5 24. Rb1 Ra2 25. Bg3 Nd2 26. Rc1 Nxf3+ 27. gxf3
Rd2 28. Qb3 Rxe2 29. Rxc6 Re1+ 30. Kg2 Qf8 31. Qxd5 Nf6 32. Qc4 b5 33. Qc2 Be7
34. Rc8 Bd8 35. Bc7 Ne8 36. Rxd8 Qe7 37. Qc6 Qg5+ 38. Kh2 Qg1# 0-1

[Event "ICS rated bullet match"]
[Site "204.178.125.65"]
[Date "2000.03.22"]
[Round "?"]
[White "Hossa"]
[Black "theconquerer"]
[Result "1-0"]
[WhiteElo "2561"]
[BlackElo "2330"]
[PlyCount "125"]

1. e4 d5 2. exd5 Nf6 3. Bb5+ Bd7 4. Bc4 g6 5. Nc3 Bg7 6. Nge2 c6 7. O-O cxd5 8.
Nxd5 Nxd5 9. Bxd5 Bc6 10. Bb3 O-O 11. d4 e6 12. Bf4 Nd7 13. Bd6 Re8 14. c4 Nf6
15. Be5 b5 16. c5 Bd5 17. Qd3 Bxb3 18. axb3 a6 19. Bxf6 Bxf6 20. Rfd1 Qd5 21.
Nf4 Qd7 22. b4 Red8 23. Ne2 Qd5 24. Qe3 Qc4 25. b3 Qd5 26. Ra3 Bg7 27. Nf4 Qd7
28. d5 exd5 29. Nxd5 Kh8 30. Qg5 h6 31. Qd2 Re8 32. Ra2 Qe6 33. Nc7 Qe7 34.
Nxe8 Rxe8 35. Rxa6 Kh7 36. Rb6 Be5 37. Rxb5 Bf6 38. Rb6 Bg5 39. Qd3 Qe2 40.
Qxe2 Rxe2 41. Rb7 Kg7 42. Rb1 Rc2 43. Rb8 Bf6 44. Re8 Bd4 45. Rf1 Rc3 46. Re4
Bf6 47. Rb1 Bd8 48. Re5 Rd3 49. b5 Bf6 50. Re3 Rc3 51. Rxc3 Bxc3 52. Rc1 Be5
53. b4 Kf8 54. h3 Ke7 55. Kf1 Kd7 56. Rd1+ Kc7 57. Rd3 Bb2 58. b6+ Kc6 59. Rd6+
Kb7 60. b5 Be5 61. Rd7+ Kc8 62. c6 Kb8 63. Rd8# 1-0

[Event "ICS rated bullet match"]
[Site "204.178.125.65"]
[Date "2000.03.22"]
[Round "?"]
[White "theconquerer"]
[Black "Hossa"]
[Result "0-1"]
[WhiteElo "2323"]
[BlackElo "2568"]
[PlyCount "94"]

1. d4 Nf6 2. c3 e6 3. g3 c5 4. Bg2 Nc6 5. Nf3 d5 6. O-O Bd6 7. dxc5 Bxc5 8. Bg5
h6 9. Bxf6 gxf6 10. Nbd2 f5 11. Re1 Qb6 12. e3 Qxb2 13. Nb3 Bb6 14. Rc1 Qxa2
15. Nbd4 Bc7 16. Nxc6 bxc6 17. c4 Bb6 18. cxd5 cxd5 19. Ne5 Qa3 20. Qh5 Rh7 21.
Rc2 a5 22. Rec1 Ba6 23. h4 Bxe3 24. fxe3 Qxe3+ 25. Kh2 Qxe5 26. Qd1 Rg7 27. Rc3
Rg4 28. Qb3 a4 29. Qb6 Rxh4+ 30. Kg1 Qd4+ 31. Qxd4 Rxd4 32. Ra3 f4 33. Rca1
fxg3 34. Rxa4 Rxa4 35. Rxa4 Bb7 36. Rxa8+ Bxa8 37. Bf1 d4 38. Be2 Ke7 39. Bd3
h5 40. Be2 h4 41. Bg4 d3 42. Bh3 Bf3 43. Bg4 Bxg4 44. Kf1 d2 45. Kg2 f6 46. Kg1
h3 47. Kf1 d1=Q# 0-1

[Event "ICS rated bullet match"]
[Site "204.178.125.65"]
[Date "2000.03.22"]
[Round "?"]
[White "Hossa"]
[Black "theconquerer"]
[Result "1-0"]
[WhiteElo "2574"]
[BlackElo "2317"]
[PlyCount "167"]

1. e4 d5 2. exd5 Nf6 3. d4 Nxd5 4. Nf3 g6 5. c4 Nb6 6. Nc3 Bg7 7. Be3 O-O 8.
Be2 c5 9. dxc5 N6d7 10. O-O a6 11. Qd2 e6 12. Ne4 Qc7 13. Bh6 Nc6 14. Bxg7 Kxg7
15. Rfd1 Nce5 16. Qd6 Qxd6 17. cxd6 Nxf3+ 18. Bxf3 Ne5 19. c5 Bd7 20. Nd2 Bc6
21. Bxc6 bxc6 22. Ne4 Nd7 23. b4 Rab8 24. Rab1 Rb7 25. a3 Rfb8 26. Ra1 Kf8 27.
Rd2 Ke8 28. Re1 a5 29. bxa5 Rb5 30. a6 Ra8 31. a4 Ra5 32. f4 R8xa6 33. Rb2 Ra8
34. Kf2 Nxc5 35. Nxc5 Rxc5 36. Re5 Rd5 37. Rxd5 cxd5 38. Kg3 Kd7 39. Rb7+ Kxd6
40. Rxf7 Rxa4 41. Rxh7 d4 42. Rg7 d3 43. Rg8 Ra7 44. Kf3 Kd5 45. Ke3 Kd6 46.
Rxg6 Ra2 47. Kxd3 Kd5 48. Rg5+ Kd6 49. Ke3 Ra3+ 50. Kf2 Ra2+ 51. Kg3 Ra3+ 52.
Kg4 Ra2 53. Kh3 Ra1 54. Rb5 Ra3+ 55. g3 Ra2 56. g4 Ke7 57. g5 Kf7 58. Rb7+ Kg6
59. Kg3 Kf5 60. Rb5+ Kg6 61. Re5 Kf7 62. h4 Ra3+ 63. Kg4 Ra1 64. Rb5 Rg1+ 65.
Kh5 Rf1 66. Rb7+ Ke8 67. g6 Rg1 68. g7 e5 69. fxe5 Rg2 70. g8=Q+ Rxg8 71. Rb8+
Kf7 72. e6+ Kg7 73. Rxg8+ Kxg8 74. Kg6 Kf8 75. h5 Ke7 76. Kf5 Kd6 77. h6 Ke7
78. h7 Kd6 79. h8=Q Kc6 80. e7 Kb6 81. e8=Q Kc5 82. Qe6 Kb4 83. Qb6+ Kc4 84.
Qhd4# 1-0

[Event "ICS rated bullet match"]
[Site "204.178.125.65"]
[Date "2000.03.22"]
[Round "?"]
[White "Hossa"]
[Black "theconquerer"]
[Result "1-0"]
[WhiteElo "2586"]
[BlackElo "2305"]
[PlyCount "177"]

1. e4 d5 2. exd5 Nf6 3. d4 Nxd5 4. Nf3 Nf6 5. Bb5+ Bd7 6. Bxd7+ Qxd7 7. Ne5 Qd8
8. O-O Nbd7 9. Nd2 Nxe5 10. dxe5 Nd5 11. e6 fxe6 12. Nc4 g6 13. Qe2 Bg7 14.
Qxe6 Qd7 15. Qxd7+ Kxd7 16. Rd1 c6 17. Na3 Kc7 18. c4 Nb6 19. Bf4+ Kc8 20. Rd2
e5 21. Bg5 Kc7 22. Rad1 h6 23. Be7 Rhe8 24. Bd6+ Kc8 25. c5 Nd5 26. Nc4 Bf8 27.
Bxf8 Rxf8 28. Nxe5 Re8 29. Nxg6 Kc7 30. f4 Re6 31. f5 Re4 32. Rd4 Rae8 33. Rxe4
Rxe4 34. Rf1 Re2 35. f6 Nxf6 36. Rxf6 Rxb2 37. Rf7+ Kd8 38. a4 b6 39. Rxa7 bxc5
40. Ne5 c4 41. Nxc6+ Kc8 42. a5 c3 43. Nd4 c2 44. Ne2 Rb1+ 45. Kf2 c1=Q 46.
Nxc1 Rxc1 47. Rh7 Rc2+ 48. Kf3 Rc3+ 49. Ke4 Rc4+ 50. Kd5 Ra4 51. Rxh6 Kb7 52.
Rb6+ Ka7 53. Kc6 Ra2 54. Rb7+ Ka6 55. Rg7 Rc2+ 56. Kd5 Rd2+ 57. Kc4 Rc2+ 58.
Kb4 Ra2 59. Rg6+ Ka7 60. Rg4 Rb2+ 61. Ka3 Rf2 62. Rg5 Rf7 63. Ka4 Re7 64. g3
Rd7 65. Rh5 Rd4+ 66. Kb5 Rd7 67. a6 Rc7 68. Ka5 Rd7 69. Rg5 Re7 70. h4 Rf7 71.
g4 Rh7 72. h5 Re7 73. Rc5 Rh7 74. Rf5 Re7 75. g5 Re1 76. Rf7+ Ka8 77. h6 Ra1+
78. Kb6 Rb1+ 79. Kc6 Rc1+ 80. Kd7 Rd1+ 81. Ke8 Re1+ 82. Kf8 Rd1 83. Kg7 Rh1 84.
g6 Rh2 85. h7 Rh3 86. h8=Q+ Rxh8 87. Kxh8 Kb8 88. g7 Ka8 89. g8=Q# 1-0

[Event "ICS rated bullet match"]
[Site "204.178.125.65"]
[Date "2000.03.22"]
[Round "?"]
[White "theconquerer"]
[Black "Hossa"]
[Result "0-1"]
[WhiteElo "2290"]
[BlackElo "2601"]
[PlyCount "50"]

1. d4 Nf6 2. c4 d6 3. Nc3 e5 4. Nf3 Nbd7 5. dxe5 dxe5 6. Bg5 Bb4 7. e3 h6 8.
Bh4 Bxc3+ 9. bxc3 e4 10. Nd4 Nc5 11. Be2 Bd7 12. O-O Ba4 13. Nb3 Qxd1 14. Rfxd1
Bxb3 15. axb3 Nxb3 16. Rab1 Nc5 17. Bxf6 gxf6 18. Rd5 b6 19. Rbd1 O-O 20. h4 a5
21. f3 Kg7 22. g4 Rg8 23. Kf2 c6 24. R5d2 Ra7 25. fxe4 Nxe4+ 0-1

[Event "ICS rated bullet match"]
[Site "204.178.125.65"]
[Date "2000.03.22"]
[Round "?"]
[White "Hossa"]
[Black "theconquerer"]
[Result "1-0"]
[WhiteElo "2606"]
[BlackElo "2285"]
[PlyCount "69"]

1. e4 d5 2. exd5 Nf6 3. Bb5+ Bd7 4. Bc4 g6 5. Nc3 Bg7 6. Nge2 O-O 7. O-O c6 8.
dxc6 Nxc6 9. d3 Rc8 10. Be3 Bg4 11. Qd2 Bxe2 12. Nxe2 e6 13. c3 Nd5 14. Bc5 Re8
15. Bb5 a6 16. Ba4 Nde7 17. d4 b5 18. Bb3 Qd7 19. Rfe1 Na5 20. Bb6 Nc4 21. Bxc4
bxc4 22. b3 Rb8 23. Bc5 cxb3 24. axb3 Rxb3 25. Rxa6 Nd5 26. c4 Nf6 27. Ra7 Rb7
28. Rxb7 Qxb7 29. Nc3 Rd8 30. Qg5 Nd7 31. Qxd8+ Bf8 32. Rb1 Qc6 33. Rb6 Qxb6
34. Bxb6 Nxb6 35. Qxb6 1-0

[Event "ICS rated bullet match"]
[Site "204.178.125.65"]
[Date "2000.03.22"]
[Round "?"]
[White "theconquerer"]
[Black "Hossa"]
[Result "0-1"]
[WhiteElo "2281"]
[BlackElo "2610"]
[PlyCount "172"]

1. d4 d5 2. c3 e6 3. e3 Nf6 4. Nf3 c5 5. Bd3 Nc6 6. Qc2 Bd6 7. O-O c4 8. Be2
O-O 9. Nbd2 b5 10. Re1 b4 11. Bf1 bxc3 12. bxc3 Bb7 13. e4 dxe4 14. Nxe4 Nxe4
15. Qxe4 Qc7 16. Qe2 Ba6 17. h3 Rab8 18. Qc2 Rfd8 19. Be3 Ne7 20. Rab1 Rxb1 21.
Rxb1 Nd5 22. Nd2 Bh2+ 23. Kh1 Nxe3 24. fxe3 Bg3 25. Ne4 Rb8 26. Nxg3 Rxb1 27.
Qxb1 Qxg3 28. Qe4 Qc7 29. Qf4 Qb7 30. Qf3 Qd5 31. Qxd5 exd5 32. Kg1 f5 33. Kf2
Bb5 34. Kg3 g5 35. h4 h6 36. hxg5 hxg5 37. Kf2 Kf7 38. g3 a5 39. Ke1 Ke6 40.
Bg2 Ba4 41. Bf1 Bc2 42. Kd2 Bb1 43. a3 Be4 44. Be2 Ke7 45. Bd1 Kf6 46. Be2 Kg7
47. Bd1 Kg6 48. Ba4 Kf6 49. Bd1 Kg7 50. Be2 Kg6 51. Bd1 Kf7 52. Ba4 Kg6 53.
Be8+ Kg7 54. Bd7 Kg8 55. Be8 Kh7 56. Bh5 Kh8 57. Be2 Kg8 58. g4 fxg4 59. Bxg4
Kg7 60. Bd7 Bf3 61. Ke1 g4 62. Kf2 Kf6 63. Kg3 Kg5 64. Be6 a4 65. Bd7 Bd1 66.
Be6 Bf3 67. Bc8 Be2 68. Bd7 Bd1 69. Be8 Bc2 70. Bc6 Be4 71. Bxd5 Bxd5 72. Kf2
Kf5 73. Kg3 Bf3 74. d5 Bxd5 75. Kf2 Bf3 76. Kg3 Ke4 77. Kf2 Kd3 78. Kg3 Kxe3
79. Kh4 Kf4 80. Kh5 g3+ 81. Kh6 g2 82. Kg7 g1=Q+ 83. Kf6 Qb6+ 84. Ke7 Kf5 85.
Kd7 Kf6 86. Kc8 Bg4# 0-1

[Event "ICS rated bullet match"]
[Site "204.178.125.65"]
[Date "2000.03.22"]
[Round "?"]
[White "Hossa"]
[Black "theconquerer"]
[Result "0-1"]
[WhiteElo "2614"]
[BlackElo "2277"]
[PlyCount "176"]

1. e4 d5 2. exd5 Nf6 3. Bb5+ Bd7 4. Bc4 c6 5. dxc6 Nxc6 6. Nf3 e6 7. Nc3 Bd6 8.
O-O O-O 9. d4 a6 10. Bg5 h6 11. Bxf6 Qxf6 12. Bd3 Qe7 13. Re1 Nb4 14. Ne5 Bxe5
15. dxe5 Nxd3 16. Qxd3 Bc6 17. Ne4 Bxe4 18. Qxe4 Rfd8 19. Red1 Rxd1+ 20. Rxd1
Rd8 21. Rd4 Rxd4 22. Qxd4 Qc7 23. c3 Kf8 24. Qd6+ Qxd6 25. exd6 Ke8 26. c4 a5
27. c5 Kd7 28. f4 b6 29. cxb6 Kxd6 30. b3 Kc6 31. h4 Kxb6 32. Kf2 Kc5 33. Ke3
Kb4 34. h5 Ka3 35. Kd3 Kxa2 36. Kc4 Kb2 37. b4 a4 38. b5 a3 39. b6 a2 40. b7
a1=Q 41. b8=Q+ Kc2 42. Qb3+ Kd2 43. Qd3+ Ke1 44. Qe3+ Kf1 45. Qf3+ Kg1 46. g4
Qc1+ 47. Kb5 Qc7 48. Qg3+ Kf1 49. Qf3+ Ke1 50. Qe3+ Kd1 51. Kb4 Kc2 52. Qe2+
Kc1 53. Qe3+ Kc2 54. Qe2+ Kb1 55. Qd1+ Qc1 56. Qxc1+ Kxc1 57. Kc3 Kd1 58. Kd4
Ke1 59. Ke3 Kf1 60. Kf3 Kg1 61. Kg3 Kh1 62. Kf3 Kh2 63. g5 Kh3 64. Ke4 Kh4 65.
g6 f6 66. f5 e5 67. Kd5 Kxh5 68. Ke4 Kg4 69. Kd5 h5 70. Ke4 h4 71. Ke3 h3 72.
Kf2 h2 73. Kg2 h1=Q+ 74. Kf2 e4 75. Ke3 Kxf5 76. Kd4 Qf3 77. Kd5 Qd3+ 78. Kc5
e3 79. Kc6 e2 80. Kc5 e1=Q 81. Kc6 Qee3 82. Kc7 Qee4 83. Kb6 Qec4 84. Kb7 Qcc2
85. Kb6 Qb2+ 86. Kc7 Qba3 87. Kc6 Qaa6+ 88. Kc5 Qab5# 0-1

[Event "ICS rated bullet match"]
[Site "204.178.125.65"]
[Date "2000.03.22"]
[Round "?"]
[White "theconquerer"]
[Black "Hossa"]
[Result "0-1"]
[WhiteElo "2305"]
[BlackElo "2586"]
[PlyCount "28"]

1. d4 d5 2. c3 e6 3. e3 Nf6 4. Nf3 c5 5. Bd2 Nc6 6. Be2 Bd7 7. O-O c4 8. Re1
Bd6 9. Bf1 O-O 10. Bc1 Ne4 11. Nbd2 f5 12. Nxe4 fxe4 13. Nd2 Bxh2+ 14. Kxh2
Qh4+ 0-1

[Event "ICS Rated bullet match"]
[Site "204.178.125.65"]
[Date "2000.03.22"]
[Round "?"]
[White "KyFats"]
[Black "Hossa"]
[Result "0-1"]
[WhiteElo "2203"]
[BlackElo "2591"]
[PlyCount "178"]

1. e4 d5 2. exd5 Qxd5 3. Nc3 Qa5 4. d4 Nf6 5. Nf3 Bf5 6. Bc4 c6 7. Bd2 Qb6 8.
Rb1 Nbd7 9. O-O e6 10. h3 Bd6 11. g4 Bg6 12. Re1 O-O 13. g5 Nd5 14. Ne4 Bxe4
15. Rxe4 Qc7 16. Qc1 Rfd8 17. Ra1 c5 18. Qe1 cxd4 19. Bb3 Nf4 20. Bxf4 Bxf4 21.
Rxd4 e5 22. Rdd1 Nc5 23. Bd5 Re8 24. Be4 Qc8 25. Kg2 Re7 26. Rd5 Qc7 27. Rad1
Ne6 28. h4 Qc4 29. Rd7 Rxd7 30. Rxd7 Qxa2 31. Qc3 Rf8 32. Rxb7 Re8 33. Kg1 Qa1+
34. Kg2 a5 35. Bd5 e4 36. Bxe6 exf3+ 37. Qxf3 Kh8 38. Bxf7 Re1 39. Qh3 Rg1+ 40.
Kf3 Qd1+ 41. Kxf4 Qd6+ 42. Ke4 Re1+ 43. Qe3 Rxe3+ 44. Kxe3 Qc5+ 45. Ke4 Qc6+
46. Bd5 Qxc2+ 47. Ke5 Qe2+ 48. Be4 g6 49. f4 Qf2 50. Rb5 Qa7 51. f5 gxf5 52.
Bxf5 Qc7+ 53. Kd5 a4 54. Be6 Qg3 55. Rb4 Qf3+ 56. Ke5 Qe2+ 57. Kf6 Qf2+ 58. Bf5
Qa7 59. Ke6 Qc7 60. Re4 Kg7 61. Rg4 Qc8+ 62. Ke5 Qb8+ 63. Ke6 Qxb2 64. Be4 a3
65. Bd5 a2 66. Bxa2 Qxa2+ 67. Ke5 Qa5+ 68. Ke4 Qa4+ 69. Kf3 Qd1+ 70. Kf4 Kg6
71. Kg3 Qg1+ 72. Kh3 Qf1+ 73. Rg2 Kh5 74. Kg3 Qe1+ 75. Kf3 Qc3+ 76. Kf2 Kxh4
77. Kg1 Qe1+ 78. Kh2 Qe5+ 79. Kg1 Kh3 80. Kf1 Qa1+ 81. Kf2 Qb2+ 82. Kf3 Qxg2+
83. Ke3 Qxg5+ 84. Ke4 Qc5 85. Kf4 Qd5 86. Ke3 Kg3 87. Ke2 Qd4 88. Ke1 Kf3 89.
Kf1 Qd1# 0-1

[Event "ICS rated bullet match"]
[Site "204.178.125.65"]
[Date "2000.03.22"]
[Round "?"]
[White "Hossa"]
[Black "theconquerer"]
[Result "1-0"]
[WhiteElo "2594"]
[BlackElo "2300"]
[PlyCount "41"]

1. e4 d5 2. exd5 Nf6 3. d4 Nxd5 4. Nf3 Nf6 5. Bb5+ c6 6. Be2 e6 7. O-O Be7 8.
c4 O-O 9. Nc3 c5 10. d5 exd5 11. cxd5 Bd6 12. Bg5 h6 13. Bxf6 Qxf6 14. Ne4 Qd8
15. Rc1 b6 16. Nxd6 Qxd6 17. Re1 Nd7 18. Bc4 Bb7 19. Qd3 Rfe8 20. Rxe8+ Nf8 21.
Rxa8 1-0

[Event "ICS rated bullet match"]
[Site "204.178.125.65"]
[Date "2000.03.22"]
[Round "?"]
[White "theconquerer"]
[Black "Hossa"]
[Result "0-1"]
[WhiteElo "2295"]
[BlackElo "2599"]
[PlyCount "62"]

1. d4 d5 2. c4 c6 3. cxd5 cxd5 4. Nc3 Nf6 5. Nf3 Nc6 6. Bg5 Bg4 7. Bxf6 exf6 8.
e3 Bb4 9. Bd3 O-O 10. O-O f5 11. a3 Bxc3 12. bxc3 Rc8 13. c4 dxc4 14. Bxc4 Bxf3
15. gxf3 f4 16. Rb1 Na5 17. Bd3 Qg5+ 18. Kh1 Qe7 19. e4 Qxa3 20. d5 Qc3 21. Rg1
g6 22. Rc1 Qd4 23. Be2 Qxf2 24. Rf1 Qe3 25. Rxc8 Rxc8 26. Re1 a6 27. Bf1 Qc3
28. e5 Rd8 29. d6 Nc6 30. Bg2 Nxe5 31. Qd5 Qxe1+ 0-1

[Event "ICS rated blitz match"]
[Site "204.178.125.65"]
[Date "2000.03.22"]
[Round "?"]
[White "Mungo"]
[Black "Hossa"]
[Result "0-1"]
[WhiteElo "2824"]
[BlackElo "2405"]
[PlyCount "66"]

1. e4 c5 2. Nf3 d6 3. d4 cxd4 4. Nxd4 Nf6 5. Nc3 a6 6. Be3 e5 7. Nb3 Be6 8. f3
Be7 9. Qd2 O-O 10. O-O-O b6 11. g4 Nc6 12. Nd5 Bxd5 13. exd5 Na5 14. Nxa5 bxa5
15. Re1 a4 16. a3 Qc7 17. g5 Nd7 18. f4 Qb7 19. Bh3 Rab8 20. Bxd7 Qxd7 21. fxe5
dxe5 22. Rhf1 Qb5 23. c3 Bxa3 24. Rf2 Bd6 25. g6 hxg6 26. Qe2 Qxd5 27. Qxa6 a3
28. b4 Ra8 29. Qe2 Qc6 30. Qd3 Bxb4 31. Rc2 a2 32. Kb2 Qa4 33. Ka1 Qb3 0-1

[Event "ICS rated bullet match"]
[Site "204.178.125.65"]
[Date "2000.03.22"]
[Round "?"]
[White "Hossa"]
[Black "slaven"]
[Result "1-0"]
[WhiteElo "2604"]
[BlackElo "1371"]
[PlyCount "61"]

1. e4 c5 2. c3 d6 3. d4 cxd4 4. cxd4 Nf6 5. Nc3 g6 6. Nf3 Bg7 7. Bb5+ Nfd7 8.
O-O a6 9. Be2 O-O 10. Be3 Nc6 11. Rc1 b5 12. Qd2 Na5 13. Bh6 Nb6 14. b3 Bg4 15.
Bxg7 Kxg7 16. Ne1 Bxe2 17. Nxe2 Rc8 18. Qxa5 Nd7 19. Qxa6 Rxc1 20. Nxc1 e5 21.
Qxd6 exd4 22. Qxd4+ Kg8 23. Nf3 Qe7 24. Nd3 Nf6 25. e5 Ng4 26. Qxg4 h5 27. Qb4
Kg7 28. Qxe7 Rg8 29. Qf6+ Kf8 30. e6 Rg7 31. Qd8# 1-0

[Event "ICS rated blitz match"]
[Site "204.178.125.65"]
[Date "2000.03.22"]
[Round "?"]
[White "ljb"]
[Black "Hossa"]
[Result "0-1"]
[WhiteElo "2138"]
[BlackElo "2434"]
[PlyCount "78"]

1. e3 d5 2. d4 Nf6 3. c4 dxc4 4. Bxc4 Nc6 5. Nf3 e5 6. Nxe5 Nxe5 7. dxe5 Qxd1+
8. Kxd1 Ng4 9. Ke2 Nxe5 10. Bb3 Bd7 11. f3 Bb5+ 12. Kf2 Nd3+ 13. Kg3 h5 14. h4
Nc5 15. Nc3 Bd6+ 16. Kf2 Bd3 17. Rd1 Nxb3 18. axb3 Bc2 19. Rd2 Bxb3 20. Nb5 Ke7
21. Nxd6 cxd6 22. Rd4 Rhc8 23. Bd2 Rc2 24. Ke1 Rxb2 25. Rb4 Ra2 26. Rxa2 Bxa2
27. Rxb7+ Ke6 28. e4 d5 29. Be3 a5 30. Bc5 Rc8 31. Bd4 dxe4 32. fxe4 Rc4 33.
Rb6+ Kd7 34. Bxg7 Rxe4+ 35. Kf2 Bc4 36. Bf6 Kc7 37. Kf3 Bd5 38. Rb5 Kc6 39.
Rxa5 Ra4+ 0-1

[Event "ICS rated blitz match"]
[Site "204.178.125.65"]
[Date "2000.03.22"]
[Round "?"]
[White "Hossa"]
[Black "ljb"]
[Result "1-0"]
[WhiteElo "2439"]
[BlackElo "2133"]
[PlyCount "67"]

1. d4 d5 2. c4 e6 3. Nc3 c6 4. e3 Bb4 5. Bd3 Nf6 6. Nf3 Nbd7 7. O-O Bxc3 8.
bxc3 a6 9. cxd5 exd5 10. Ba3 Nf8 11. Re1 Be6 12. e4 Ng6 13. exd5 Nxd5 14. c4
Ndf4 15. Bxg6 hxg6 16. Bc1 Qc7 17. Re5 Nh5 18. Ng5 O-O-O 19. Rxe6 fxe6 20. Nxe6
Qf7 21. Nxd8 Rxd8 22. Bg5 Rf8 23. Qe2 Kb8 24. Re1 Ka8 25. Qc2 Re8 26. Rxe8+
Qxe8 27. Qd2 Qe6 28. d5 Qe5 29. g4 Nf6 30. dxc6 bxc6 31. Qd8+ Kb7 32. Be3 c5
33. g5 Ng4 34. Qd7+ 1-0

[Event "ICS rated blitz match"]
[Site "204.178.125.65"]
[Date "2000.03.22"]
[Round "?"]
[White "QueenMaxima"]
[Black "Hossa"]
[Result "0-1"]
[WhiteElo "2453"]
[BlackElo "2444"]
[PlyCount "76"]

1. e4 e5 2. Nf3 Nc6 3. Bb5 a6 4. Ba4 Nf6 5. O-O Be7 6. Re1 b5 7. Bb3 O-O 8. a4
Bb7 9. d3 d6 10. Nbd2 Na5 11. Ba2 bxa4 12. Bb1 Qd7 13. b3 Bc6 14. d4 exd4 15.
Nxd4 Ng4 16. Nxc6 Nxc6 17. Rxa4 Bh4 18. Re2 Bg5 19. c3 Rfe8 20. Bb2 Nge5 21.
Qf1 Bf4 22. Bc2 Qg4 23. Qd1 Bxh2+ 24. Kxh2 Qh5+ 25. Kg1 Ng4 26. Nf1 a5 27. Ng3
Qh2+ 28. Kf1 h5 29. Re1 Nce5 30. Qd4 h4 31. Nf5 h3 32. Ke2 hxg2 33. Nxd6 Red8
34. Raa1 Rxd6 35. Rg1 Rxd4 36. cxd4 Qf4 37. Rxg2 Qf3+ 38. Kd2 Qxg2 0-1

[Event "ICS rated blitz match"]
[Site "204.178.125.65"]
[Date "2000.03.22"]
[Round "?"]
[White "Hossa"]
[Black "AgentSmith"]
[Result "1-0"]
[WhiteElo "2460"]
[BlackElo "1953"]
[PlyCount "37"]

1. e4 e6 2. d4 d5 3. Nd2 dxe4 4. Nxe4 Nd7 5. Bb5 Ngf6 6. Nxf6+ Qxf6 7. Nf3 Bd6
8. Bg5 Qf5 9. Bd3 Qg4 10. O-O O-O 11. c4 b6 12. h3 Qh5 13. Be4 Rb8 14. Qd3 h6
15. Bh4 g5 16. g4 Qxh4 17. Nxh4 gxh4 18. Qe3 Kg7 19. g5 1-0

[Event "ICS rated bullet match"]
[Site "204.178.125.65"]
[Date "2000.03.22"]
[Round "?"]
[White "Hossa"]
[Black "carrja"]
[Result "1-0"]
[WhiteElo "2604"]
[BlackElo "1512"]
[PlyCount "49"]

1. e4 c6 2. d4 d5 3. Nc3 dxe4 4. Nxe4 Bf5 5. Ng3 Bg6 6. h4 h6 7. Nf3 Nd7 8. h5
Bh7 9. Bd3 Bxd3 10. Qxd3 Ngf6 11. Bd2 e6 12. O-O-O Bd6 13. Ne4 Nxe4 14. Qxe4
Nf6 15. Qe2 Qc7 16. Kb1 O-O 17. g4 Bf4 18. Ne5 Bxd2 19. Qxd2 Nd7 20. Nxd7 Qxd7
21. g5 hxg5 22. Qxg5 f6 23. Qg3 Rad8 24. h6 g5 25. f4 1-0

[Event "ICS rated bullet match"]
[Site "204.178.125.65"]
[Date "2000.03.22"]
[Round "?"]
[White "carrja"]
[Black "Hossa"]
[Result "0-1"]
[WhiteElo "1512"]
[BlackElo "2604"]
[PlyCount "22"]

1. Nf3 d5 2. d4 e6 3. c4 dxc4 4. e3 b5 5. a4 c6 6. axb5 cxb5 7. b3 cxb3 8. Qxb3
b4 9. Bd2 a5 10. Bb5+ Bd7 11. Bxd7+ Nxd7 0-1